Expedición a Chile

Guardat en:
Dades bibliogràfiques
Format: Llibre
Idioma:espanyol
Publicat: Santiago Nacional Gabriela Mistral 1975
Matèries:
Etiquetes: Afegir etiqueta
Sense etiquetes, Sigues el primer a etiquetar aquest registre!

MARC

LEADER 00000nam a2200000 a 4500
001 UCU1965
003 CL-VaPUC
008 960419e19750000CL |||||||||||||||||spa|d
082 0 4 |a 918.83  |b EXP  |2 21 
245 1 0 |a Expedición a Chile 
300 |a v 
942 |c BK 
945 |d 19960419 00:00:00  |a cmena 
260 |a Santiago  |b Nacional Gabriela Mistral  |c 1975 
650 0 |a Geografía física   |9 259347 
650 0 |a Medio ambiente natural  |9 338575 
650 0 |a Vegetación  |9 264748 
650 0 |a Volcanes  |9 344502 
650 7 |a MONTAÑAS  |2 CL-VaPUC  |9 351402 
650 0 |a Hidrología  |9 261396 
651 7 |a CHILE  |2 CL-VaPUC  |9 357767 
583 |a last modification  |c 19960419 00:00:00  |k Rodrigo Vera 
999 |c 246382  |d 246380 
952 |0 0  |1 0  |4 0  |6 918_830000000000000_EXP_1975  |7 0  |8 X  |9 261318  |a BIBARQ  |b BIBARQ  |d 2019-11-19  |h v.1  |i 1962523  |l 3  |m 1  |o 918.83 EXP 1975  |p 1962523  |r 2025-03-14  |s 2025-03-13  |w 2019-11-19  |y BK_X  |k ARQ 
952 |0 0  |1 0  |4 0  |6 918_830000000000000_EXP_1975  |7 0  |8 X  |9 261319  |a BIBARQ  |b BIBARQ  |d 2019-11-19  |h v.2  |i 1962531  |l 3  |m 1  |o 918.83 EXP 1975  |p 1962531  |r 2025-03-14  |s 2025-03-13  |w 2019-11-19  |y BK_X  |k ARQ 
952 |0 0  |1 0  |4 0  |6 918_830000000000000_EXP_1975  |7 0  |8 X  |9 261320  |a BIBARQ  |b BIBARQ  |d 2019-11-19  |h v.3  |i 196254K  |l 3  |m 1  |o 918.83 EXP 1975  |p 196254K  |r 2025-03-14  |s 2025-03-13  |w 2019-11-19  |y BK_X  |k ARQ 
952 |0 0  |1 0  |4 0  |6 918_830000000000000_EXP_1975  |7 0  |8 X  |9 261321  |a BIBARQ  |b BIBARQ  |d 2019-11-19  |h v.4  |i 1962558  |l 3  |m 1  |o 918.83 EXP 1975  |p 1962558  |r 2025-03-14  |s 2025-03-13  |w 2019-11-19  |y BK_X  |k ARQ